|
|
|
|
| LEADER |
00000naa2a2200000 4500 |
| 001 |
180485 |
| 005 |
20231031170808.0 |
| 035 |
|
|
|a (RuTPU)RU\TPU\book\195657
|
| 090 |
|
|
|a 180485
|
| 100 |
|
|
|a 20100517d2007 k y0rusy50 ca
|
| 101 |
0 |
|
|a rus
|
| 102 |
|
|
|a RU
|
| 200 |
1 |
|
|a Влияние энергетической стратегии Томской области на состояние воздушного бассейна
|f М. В. Арещенко, А. И. Трибунская
|g науч. рук. Л. И. Молодёжникова
|
| 320 |
|
|
|a Библиогр.: 3 назв.
|
| 463 |
|
0 |
|0 (RuTPU)RU\TPU\book\140171
|y 5-89503-079-3
|t Проблемы геологии и освоения недр
|o [сборник]
|o труды XI международного симпозиума имени академика М. А. Усова студентов и молодых учёных, посвященного 80-летию академика, Президента международного горного конгресса, Лауреата государственной премии СССР М. И. Щадову
|f Томский политехнический университет (ТПУ), Институт геологии и нефтегазового дела
|v С. 634-636
|d 2007
|p 764 с.
|
| 610 |
1 |
|
|a Томская область
|
| 610 |
1 |
|
|a энергетическая стратегия
|
| 610 |
1 |
|
|a воздушный бассейн
|
| 610 |
1 |
|
|a экологическое состояние
|
| 610 |
1 |
|
|a труды учёных ТПУ
|
| 700 |
|
1 |
|a Арещенко
|b М. В.
|
| 701 |
|
1 |
|a Трибунская
|b А. И.
|
| 702 |
|
1 |
|a Молодёжникова
|b Л. И.
|4 727
|
| 801 |
|
1 |
|a RU
|b 63413507
|c 20100517
|
| 942 |
|
|
|c BK
|